The children of the abbey : a tale. In four volumes. By Regina Maria Roche. ...

Bibliographic Details
Main Author: Roche, Regina Maria, 1764?-1845
Format: eBook
Language:English
Series:Eighteenth century collections online.
Online Access:Full text online

MARC

Tag First Indicator Second Indicator Subfields
LEADER 00000cam a2200000 4500
001 in00001925605
006 m | d |
007 cr |n||||||||n
008 810314s1796 enk|||| s 00||||eng d
005 20260407193644.6
035 |a (CStRLIN)ESTCT119309 
040 |a Uk-ES  |c Uk-ES  |d CStRLIN  |d Thomson Gale  |d UtOrBLW 
100 1 |a Roche, Regina Maria,  |d 1764?-1845. 
245 1 4 |a The children of the abbey :  |b a tale. In four volumes. By Regina Maria Roche. ... 
264 3 |a London :  |b printed for William Lane, at the Minerva-Press,  |c 1796. 
300 |a 4 volumes,plate ;  |c 12⁰. 
336 |a text  |b txt  |2 rdacontent 
337 |a computer  |b c  |2 rdamedia 
338 |a online resource  |b cr  |2 rdacarrier 
500 |a Reproduction of original from the British Library. 
510 4 |a Blakey,  |c p.174 
510 4 |a English Short Title Catalog,  |c ESTCT119309. 
533 |a Electronic reproduction.  |b Farmington Hills, Mich. :  |c Thomson Gale,  |d 2003.  |n Available via the World Wide Web.  |n Access limited by licensing agreements  |7 s2003 miunns 
500 |a Electronic resource. 
830 0 |a Eighteenth century collections online. 
856 4 0 |u http://proxy.library.tamu.edu/login?url=https://galenet.galegroup.com/servlet/ECCO?c=1&stp=Author&ste=11&af=BN&ae=T119309&tiPG=1&dd=0&dc=flc&docNum=CW113574947&vrsn=1.0&srchtp=a&d4=0.33&n=10&SU=0LRK&locID=txshracd2898  |z Full text online  |t 0 
999 |a MARS 
999 f f |s 958b6e0b-cd89-3704-a017-39ca0de542a3  |i 486ba5db-76f9-3cdb-b72a-2ca0cfc58f44  |t 0 
952 f f |a Texas A&M University  |b College Station  |c Electronic Resources  |s www_evans  |d Available Online  |t 0  |h No information provided 
998 f f |t 0  |l Available Online